000 00865cam a22002897a 4500
003 CHAP
005 20220329141225.0
008 971010s2011 r 00010 d
010 _a64674
011 _a65646
035 _a72833
040 _cCHAP
090 _aCD-390
100 0 0 _aLanda Hernández, José Armando.
_964648
245 1 0 _aFunciones cuadráticas
_c/por José Armando Landa Hernández
260 _aChapingo, Méx. :
_bUACH,
_c2011
300 _a1 CD (4 3/4 plg.)
590 _aBATCH-UPD
_b10
_c20130110
_lUCH01
_h0617
590 _aBATCH-UPD
_b10
_c20130410
_lUCH01
_h0259
590 _aBATCH-UPD
_b10
_c20130914
_lUCH01
_h0953
590 _aCONVERSION
_b10
_c20130109
_lUCH01
_h1335
650 0 4 _aCálculo integral.
_923995
650 0 4 _aFunciones.
_943959
901 _aBK
942 _cCD
949 _aCD-389
_bBC
_cCD
_d33724002326941
_eCD
_i72833
_sb
999 _c64674
_d64674